| 000 | 00508nam a22001697a 4500 | ||
|---|---|---|---|
| 003 | OSt | ||
| 005 | 20140310182443.0 | ||
| 008 | 121220t xxu||||| |||| 00| 0 eng d | ||
| 020 | _a9789715132459 | ||
| 050 |
_aH 62 _b.Ar676 2008 |
||
| 100 |
_aArdales, Venancio B. _97513 |
||
| 245 |
_aBasic concepts and methods in research / _cVenancio B. Ardales |
||
| 260 |
_aManila, Philippines : _bEducational Publishing House, _cc2008. |
||
| 300 |
_a415 p. : _c23 cm. _bill. ; |
||
| 942 |
_2lcc _cSSLC |
||
| 999 |
_c13555 _d13555 |
||